Search the Library Catalogue
| 000 -LEADER | |
|---|---|
| fixed length control field | 00707nam a2200217Ia 4500 |
| 008 - FIXED-LENGTH DATA ELEMENTS--GENERAL INFORMATION | |
| fixed length control field | 191130s1989##################000#0#eng## |
| 020 ## - INTERNATIONAL STANDARD BOOK NUMBER | |
| ISBN | 9780805802290 |
| 082 ## - DEWEY DECIMAL CLASSIFICATION NUMBER | |
| Classification number | 302.234 BEC |
| 245 ## - TITLE STATEMENT | |
| Title | Audience responses to media diversification : coping with plenty |
| Statement of responsibility, etc | edited by Lee B. Becker, Klaus Schoenbach |
| 260 ## - PUBLICATION, DISTRIBUTION, ETC. (IMPRINT) | |
| Place of publication | Hillsdale, N.J |
| Name of publisher | L. Erlbaum Associates |
| Year of publication | 1989 |
| 300 ## - PHYSICAL DESCRIPTION | |
| Number of Pages | xviii, 376 p. : ill. ; 23 cm |
| 500 ## - GENERAL NOTE | |
| General note | Includes bibliographical references and index |
| 650 ## - SUBJECT ADDED ENTRY--TOPICAL TERM | |
| Topical Term | Mass media - Audiences |
| 700 ## - ADDED ENTRY--PERSONAL NAME | |
| Personal name | Becker, Lee B |
| Personal name | Schoenbach, Klaus |
| 991 ## - | |
| -- | 230752 |
| Withdrawn status | Lost status | Damaged status | Not for loan | Home library | Current library | Shelving location | Date acquired | Full call number | Accession Number | Price effective from | Koha item type |
|---|---|---|---|---|---|---|---|---|---|---|---|
| Anna Centenary Library | Anna Centenary Library | 3RD FLOOR, B WING | 17.10.2020 | 302.234 BEC | 175269 | 17.10.2020 | English Books |